Διορθωτικά εις το χρονικόν Μιχαήλ του Παναρέτου
Αποθηκεύτηκε σε:
| Κύριος συγγραφέας: | |
|---|---|
| Μορφή: | Βιβλίο |
| Γλώσσα: | Greek |
| Δημοσίευση: |
Αθήναι :
Τυπογραφείον Ι. Ροσσολάτου,
1956.
|
| Θέματα: | |
| Ετικέτες: |
Προσθήκη ετικέτας
Δεν υπάρχουν, Καταχωρήστε ετικέτα πρώτοι!
|
MARC
| LEADER | 00000cam a2200000 a 4500 | ||
|---|---|---|---|
| 001 | 1/121691 | ||
| 008 | 200703s1956####gr |||||||||||||| ||gre|| | ||
| 040 | |a GR-MyUa |b gre |c GR-MyUa |e AACR2 | ||
| 041 | 0 | |a gre | |
| 082 | 7 | |a 091 |2 (23) | |
| 100 | 1 | |a Λαμψίδης, Οδυσσέας, |d 1917-2006. | |
| 245 | 1 | 0 | |a Διορθωτικά εις το χρονικόν Μιχαήλ του Παναρέτου |h [ανάτυπο] / |c Οδ. Λαμψίδου. |
| 260 | |a Αθήναι : |b Τυπογραφείον Ι. Ροσσολάτου, |c 1956. | ||
| 300 | |a 24 σ. ; |c 23 εκ. | ||
| 500 | |a Ανάτυπο από το Αρχείον Πόντου εκ του εικοστού πρώτου τόμου. | ||
| 504 | |a Περιλαμβάνει βιβλιογραφικές παραπομπές. | ||
| 650 | 0 | |a Manuscripts, Greek. | |
| 852 | |a INST |b LESVOS |e 20200703 |h 091 ΛΑΜ |p 005100062308 |q 005100062308 |t BK |y 0 | ||
| 970 | |a Καμάτσου |b Δέσποινα |z 03-07-2020 | ||